000 nam a22 a 4500
999 _c164685
_d164685
003 BLK
005 20230506024440.0
008 180410b bul|||||r ||||||| ||bul||
010 _aKNG00172224000
020 _a954-8043-05-X
040 _aBLK
041 _aBUL
_cBUL
080 _aАнглийска литература
_b821.111
_x-31
_z821.111-31
100 1 _aРид, Томас Майн
_d1818-1883
_eпърви автор
_9365222
139 _aРид, Томас Майн
_bР 59
245 1 0 _aМексико, Мексико...
_bРомани за юноши
_cТомас Майн Рид; прев. от англ. Ставри Флоров.
257 _aGBR
260 _aСофия
_bДетелина 6
_c1992
300 _a216 с.
_c20 см
380 _aX
490 _aБиблиотека Диви истории
_9207834
500 _aБез сведение за ориг. загл. - В кн. означено 2. изд. ; Съдържа: Самотно жилище ; Борци за свобода
700 1 _aФлоров, Ставри
_eпрев. от англ.
_9381815
852 _aЦб 171246
_bЦб
856 4 _qpdf
_i0.00
_ldisable
856 4 _qpdf
_i0.00
_ldisable
942 _cKNG
_n0
_s1
944 _aCR
_c26.02.2015
_kСимона_Петрова
944 _aED
_c26.02.2015
_kСимона_Петрова
999 _d164685